[Event "Bad Woerishofen"]
[Site "?"]
[Date "2002.??.??"]
[Round "5"]
[White "Pleyer, Felix"]
[Black "Wissinger, Peter"]
[Result "0-1"]
[WhiteElo "2170"]
[BlackElo "1996"]
[Annotator "ChessOrg"]
[PlyCount "140"]
[EventDate "2002.??.??"]

1. e4 e5 2. d4 exd4 3. Nf3 Nc6 4. Bc4 Nf6 5. e5 d5 6. Bb5 Ne4 7. Nxd4 Bd7 8.
Bxc6 bxc6 9. O-O Bc5 10. Nb3 Bb6 11. N1d2 Nxd2 12. Bxd2 O-O 13. Re1 Re8 14. Bf4
f6 15. Qh5 fxe5 16. Bxe5 Qe7 17. Rad1 a6 18. Rd3 Rf8 19. Re2 Rae8 20. Rg3 Rxf2
21. Nd4 Rxe2 22. Rxg7+ Qxg7 23. Bxg7 Kxg7 24. Qg5+ Kf7 25. Qf4+ Kg6 26. h4 R8e5
27. Kh2 Bxd4 28. Qxd4 h5 29. Qd3+ Kh6 30. Qa3 Kg6 31. Qxa6 Rxc2 32. Qd3+ Bf5
33. Qg3+ Kf6 34. Qg5+ Ke6 35. Qg8+ Kd7 36. Qf7+ Kd6 37. Qf8+ Re7 38. Qxf5 Ree2
39. Qf8+ Ke5 40. Qg7+ Ke4 41. Qg6+ Kd4 42. Qf6+ Kc5 43. Qf8+ Kc4 44. b3+ Kc3
45. Qf3+ Kb4 46. Qf8+ c5 47. Qb8+ Kc3 48. Qxc7 Rxg2+ 49. Kh3 Kb2 50. Qe5+ d4
51. b4 Rge2 52. Qxh5 c4 53. b5 Re3+ 54. Kg4 d3 55. Kf4 Rce2 56. b6 Re4+ 57. Kg3
c3 58. b7 Rb4 59. Qd5 d2 60. a3 Rb6 61. a4 Kc1 62. a5 Rxb7 63. Qxb7 d1=Q 64. a6
Qg1+ 65. Kf4 Qe3+ 66. Kf5 Qe6+ 67. Kf4 Qe5+ 68. Kf3 Rb2 69. Qc6 Ra2 70. Kg4 Ra5
0-1

[Event "Bad Woerishofen"]
[Site "?"]
[Date "2002.??.??"]
[Round "5"]
[White "Eichler, Gottfried"]
[Black "Zach, Andreas"]
[Result "0-1"]
[WhiteElo "2137"]
[BlackElo "2277"]
[Annotator "ChessOrg"]
[PlyCount "144"]
[EventDate "2002.??.??"]

1. e4 d6 2. c4 g5 3. d4 h6 4. Nc3 Bg7 5. Be2 c5 6. dxc5 Bxc3+ 7. bxc3 dxc5 8.
Qxd8+ Kxd8 9. h4 g4 10. Bf4 Nc6 11. f3 Nf6 12. Bd1 e5 13. Be3 b6 14. Ne2 Be6
15. Ng3 gxf3 16. gxf3 Na5 17. Bb3 Kc7 18. Nf5 Bxf5 19. exf5 Rad8 20. Ke2 Nh5
21. Rhg1 Rd6 22. Rg4 Re8 23. Kf2 Nb7 24. Rd1 Rxd1 25. Bxd1 Rh8 26. Bc2 Nd6 27.
Bd3 Kd7 28. Rg1 Ke7 29. a4 Nb7 30. Rb1 Nf4 31. Be4 Na5 32. Bxf4 exf4 33. Bd5
Kf6 34. Re1 Rd8 35. Re4 a6 36. Rxf4 b5 37. axb5 axb5 38. Re4 bxc4 39. Bxc4 Nc6
40. Bb5 Ne7 41. Ke2 Rd5 42. Bd3 Re5 43. Bc4 Nxf5 44. Rxe5 Kxe5 45. Bxf7 Nxh4
46. Bh5 Nf5 47. Kd3 Nd6 48. Ke3 Nf5+ 49. Kd3 Ng7 50. Bg4 h5 51. Bh3 Ne6 52. Ke3
Nf4 53. Bf1 h4 54. Kf2 Nd5 55. c4 Ne7 56. Bh3 Kf4 57. Be6 Ng6 58. Bf7 Ne5 59.
Bd5 Kg5 60. Kg2 Ng6 61. Bc6 Nf4+ 62. Kf2 Kf6 63. Bd7 Ke5 64. Be8 Nh3+ 65. Kg2
Ng5 66. Bd7 Kf4 67. Bg4 Ke3 68. Bh5 Ne6 69. Bg4 Nf4+ 70. Kf1 Kd4 71. Kf2 Kxc4
72. Ke3 h3 0-1

[Event "Bad Woerishofen"]
[Site "?"]
[Date "2002.??.??"]
[Round "5"]
[White "Bintakies, Michael"]
[Black "Guenther, Thomas"]
[Result "0-1"]
[WhiteElo "2188"]
[BlackElo "2101"]
[Annotator "ChessOrg"]
[PlyCount "144"]
[EventDate "2002.??.??"]

1. d4 Nf6 2. Nf3 e6 3. Bg5 Be7 4. Nbd2 d5 5. e3 Nbd7 6. Bd3 b6 7. O-O Bb7 8. c3
O-O 9. Qc2 h6 10. Bxf6 Bxf6 11. e4 c5 12. e5 Be7 13. Qd1 c4 14. Bc2 b5 15. b4
a5 16. a3 Qc7 17. Ne1 Ra6 18. f4 Rfa8 19. Rc1 axb4 20. axb4 Ra3 21. Nb1 Ra2 22.
Qh5 Nf8 23. Rf3 Bd8 24. g4 Bc6 25. g5 Be8 26. gxh6 g6 27. Qg4 Qe7 28. Rh3 Kh8
29. Nf3 Rb2 30. Rg3 Raa2 31. Rg2 Qa7 32. h4 Ra1 33. h5 Qa2 34. Nh2 Qa7 35. Nf1
Qe7 36. Rh2 Raa2 37. Ne3 Ra1 38. hxg6 fxg6 39. Nd1 Rba2 40. Ne3 Ra3 41. Qd1 Ra7
42. Nd2 R1a3 43. Bb1 Qf7 44. Qf3 Bb6 45. Nc2 R3a6 46. Qg3 Bd8 47. Nf3 Qe7 48.
Kh1 Nh7 49. Rg1 Nf8 50. Nh4 Qf7 51. Rhg2 Qe7 52. Rh2 Qh7 53. Ne3 Ra1 54. Rhg2
Rxb1 55. Rxb1 Bxh4 56. Qxh4 g5 57. Qe1 gxf4 58. Ng4 Bg6 59. Nf6 Qf7 60. Ra1
Rxa1 61. Qxa1 Be4 62. Nxe4 dxe4 63. Qe1 f3 64. Rg4 f2 65. Qf1 Qh5+ 66. Kg2
Qxg4+ 67. Kxf2 Qf3+ 68. Kg1 Qxf1+ 69. Kxf1 Nd7 70. Ke2 Nb6 71. Ke3 Nd5+ 72.
Kxe4 Nxc3+ 0-1

[Event "Bad Woerishofen"]
[Site "?"]
[Date "2002.??.??"]
[Round "5"]
[White "Sauerbrey, Manuela"]
[Black "Maugg, Ludwig"]
[Result "0-1"]
[WhiteElo "1640"]
[BlackElo "2138"]
[Annotator "ChessOrg"]
[PlyCount "100"]
[EventDate "2002.??.??"]

1. e4 c5 2. Nc3 Nc6 3. Nf3 e5 4. Bb5 d6 5. Qe2 Nf6 6. d3 h6 7. h3 Be7 8. Bxc6+
bxc6 9. O-O Rb8 10. Ne1 g5 11. Nd1 Be6 12. Ne3 Qd7 13. g4 h5 14. Nf5 hxg4 15.
hxg4 Bxf5 16. exf5 Nd5 17. Ng2 f6 18. c4 Nf4 19. Nxf4 gxf4 20. f3 Kf7 21. Rf2
Rbg8 22. Rh2 d5 23. Bd2 dxc4 24. Rxh8 Rxh8 25. dxc4 Qd4+ 26. Kg2 Qxb2 27. Rd1
Qxa2 28. Qf1 Rd8 29. Qe2 Qc2 30. Kf1 Rd4 31. Ke1 Qxc4 32. Qh2 Ke8 33. Qh8+ Kd7
34. Rb1 Re4+ 35. fxe4 Qxe4+ 36. Kf2 Qxb1 37. Qa8 Qb6 38. Qg8 c4+ 39. Ke2 c5 40.
Qxc4 Qc6 41. Kf2 Kc8 42. Ba5 e4 43. Qg8+ Kd7 44. Qb8 a6 45. Qxf4 c4 46. Bc3 Qd5
47. Ke1 Qd3 48. Ba5 Bd6 49. Qd2 Bg3+ 50. Kd1 e3 0-1

[Event "Bad Woerishofen"]
[Site "?"]
[Date "2002.??.??"]
[Round "5"]
[White "Loew, Gerald"]
[Black "Koller, Hubert"]
[Result "1-0"]
[WhiteElo "2260"]
[BlackElo "2112"]
[Annotator "ChessOrg"]
[PlyCount "103"]
[EventDate "2002.??.??"]

1. c4 Nf6 2. g3 c6 3. Bg2 d5 4. Nf3 Nbd7 5. cxd5 cxd5 6. d4 e6 7. O-O Be7 8.
Qc2 O-O 9. Bf4 Ne4 10. Nc3 Nd6 11. Ne5 f5 12. Rad1 g5 13. Be3 f4 14. Bc1 fxg3
15. hxg3 Nxe5 16. dxe5 Nf7 17. e4 Nxe5 18. exd5 Nf3+ 19. Bxf3 Rxf3 20. dxe6 Qb6
21. Be3 Qxe6 22. Nd5 Qf7 23. Qc7 Bf8 24. Qxf7+ Rxf7 25. Bxg5 Bh3 26. Rfe1 Rc8
27. Be3 Bg4 28. Rd4 Bf3 29. Nc3 Bg7 30. Rd3 Bxc3 31. bxc3 a6 32. Bf4 Bc6 33. f3
Bb5 34. Rd5 Bc6 35. Rg5+ Rg7 36. Rxg7+ Kxg7 37. Re7+ Kf6 38. Re3 Rd8 39. Be5+
Kg6 40. Bd4 h5 41. Kf2 Rd5 42. Re6+ Kh7 43. Ke3 Rf5 44. f4 Ra5 45. Be5 Rxa2 46.
f5 Ra1 47. Kf4 Rd1 48. Kg5 Rd7 49. Rh6+ Kg8 50. Kg6 Kf8 51. c4 Ke7 52. Rh7+ 1-0

[Event "Bad Woerishofen"]
[Site "?"]
[Date "2002.??.??"]
[Round "5"]
[White "Sailer, Wolfgang"]
[Black "Schmidt, Andreas"]
[Result "1-0"]
[WhiteElo "2167"]
[BlackElo "1933"]
[Annotator "ChessOrg"]
[PlyCount "108"]
[EventDate "2002.??.??"]

1. d4 Nf6 2. c4 e6 3. g3 d5 4. Nf3 c6 5. Bg2 Be7 6. O-O Nbd7 7. Qc2 b6 8. Bf4
Ba6 9. Nbd2 Nh5 10. Rfd1 Nxf4 11. gxf4 Bd6 12. e3 Bb7 13. a3 O-O 14. b4 Qe7 15.
c5 Bc7 16. Kh1 f6 17. Nh4 g5 18. Nhf3 g4 19. Ng1 bxc5 20. bxc5 Ba6 21. Rab1 f5
22. Bf1 Bxf1 23. Nxf1 Nf6 24. Rb7 Rfb8 25. Rdb1 Qd7 26. Kg2 Qc8 27. Qb3 Kf8 28.
Nd2 Ke8 29. Ne2 Kd8 30. Nc1 Rxb7 31. Qxb7 Qxb7 32. Rxb7 Kc8 33. Rb2 Rb8 34.
Rxb8+ Kxb8 35. Ncb3 Kb7 36. h3 Ka6 37. a4 Ba5 38. hxg4 Bxd2 39. Nxd2 Nxg4 40.
Nb3 h5 41. Kg3 Kb7 42. Nc1 Ka6 43. Nd3 Ka5 44. f3 Nxe3 45. Ne5 Kxa4 46. Nxc6 a5
47. Ne5 Kb5 48. Kh4 a4 49. Nd3 a3 50. Nc1 Nc2 51. Nb3 a2 52. Kxh5 a1=Q 53. Nxa1
Nxa1 54. Kg6 Nc2 1-0

[Event "Bad Woerishofen"]
[Site "?"]
[Date "2002.??.??"]
[Round "5"]
[White "Johansen, Paul"]
[Black "Hornung, Hans"]
[Result "0-1"]
[WhiteElo "2230"]
[BlackElo "2173"]
[Annotator "ChessOrg"]
[PlyCount "140"]
[EventDate "2002.??.??"]

1. d4 d5 2. c4 e6 3. Nc3 Bb4 4. Nf3 Nf6 5. Bg5 h6 6. Bxf6 Qxf6 7. e3 O-O 8. Rc1
dxc4 9. Bxc4 c5 10. a3 Bxc3+ 11. bxc3 b6 12. Ne5 Bb7 13. Qg4 Qe7 14. O-O Nd7
15. Nxd7 Qxd7 16. dxc5 Qc6 17. cxb6 axb6 18. Be2 h5 19. Qh3 g6 20. Bf3 Qd7 21.
Bxb7 Qxb7 22. Qg3 Qe7 23. Qe5 Qxa3 24. h3 Rfd8 25. c4 Qc5 26. Qxc5 bxc5 27. Ra1
Rdb8 28. Rxa8 Rxa8 29. Rc1 h4 30. Kf1 Ra2 31. e4 g5 32. e5 Kg7 33. Re1 Kg6 34.
Re4 Kf5 35. Re3 Rc2 36. g4+ hxg3 37. fxg3 Rxc4 38. Kg2 Rc2+ 39. Kf3 Rd2 40. g4+
Kg6 41. Rc3 Rd5 42. Ke4 Rd4+ 43. Ke3 Rd1 44. Kf3 Rd5 45. Ke4 Kg7 46. Rc1 Kf8
47. Ra1 Rd4+ 48. Ke3 Rb4 49. Ra8+ Kg7 50. Ra3 c4 51. Rc3 Rb3 52. Kd4 Rxc3 53.
Kxc3 f6 54. Kxc4 fxe5 55. Kd3 Kf7 56. Ke4 Kf6 57. Kf3 Ke7 58. Kg3 e4 59. h4
gxh4+ 60. Kxh4 Kf6 61. Kh3 Kg5 62. Kg3 e5 63. Kh3 Kf6 64. g5+ Kxg5 65. Kg2 Kf4
66. Kf2 e3+ 67. Ke2 Ke4 68. Ke1 Kd3 69. Kd1 e2+ 70. Ke1 e4 0-1

[Event "Bad Woerishofen"]
[Site "?"]
[Date "2002.??.??"]
[Round "5"]
[White "Pohlers, Juergen"]
[Black "Hamlack, Heinz"]
[Result "1-0"]
[WhiteElo "2025"]
[BlackElo "1937"]
[Annotator "ChessOrg"]
[PlyCount "139"]
[EventDate "2002.??.??"]

1. d4 Nf6 2. c4 c5 3. d5 g6 4. Nc3 d6 5. e4 Bg7 6. Be2 O-O 7. Nf3 a6 8. O-O Qc7
9. h3 e6 10. Bf4 e5 11. Be3 Nbd7 12. Qd2 Rb8 13. Bh6 Qd8 14. a4 Nh5 15. Bxg7
Kxg7 16. Rfe1 Ndf6 17. Bf1 h6 18. Ra3 Nh7 19. Ne2 Qf6 20. Nh2 Ng5 21. Qe3 Qe7
22. f4 Nh7 23. fxe5 Qxe5 24. Qc3 Re8 25. Nf3 Qxc3 26. Nxc3 f6 27. Rb3 b6 28. a5
Re7 29. Na4 b5 30. cxb5 Bd7 31. Nb6 Bxb5 32. Bxb5 axb5 33. Rxb5 Nf4 34. Rb3 Ra7
35. Ra3 Ng5 36. Nxg5 hxg5 37. Kh2 g4 38. hxg4 g5 39. Kg3 Ng6 40. Nc4 Ra6 41.
Re2 Rb4 42. Rc2 Kf7 43. Rf3 Nh4 44. Rf1 Ke7 45. Rh1 Ra8 46. Kf2 Rh8 47. g3 Ng6
48. Rxh8 Nxh8 49. Rc3 Nf7 50. Ra3 Ne5 51. Nxe5 Rxb2+ 52. Ke3 fxe5 53. a6 Rb8
54. a7 Ra8 55. Ra6 Kd7 56. Kd3 Kc7 57. Kc4 Kb7 58. Rxd6 Kxa7 59. Kxc5 Kb7 60.
Re6 Ra1 61. Rxe5 Rc1+ 62. Kd6 Re1 63. Re7+ Kb6 64. Re6 Kb7 65. Ke5 Kc7 66. Re7+
Kd8 67. Rg7 Re3 68. Rxg5 Rxg3 69. Rg8+ Kc7 70. Ke6 1-0

[Event "Bad Woerishofen"]
[Site "?"]
[Date "2002.??.??"]
[Round "5"]
[White "Schulz, Gert"]
[Black "Scherer, Helmut"]
[Result "0-1"]
[WhiteElo "2067"]
[BlackElo "2275"]
[Annotator "ChessOrg"]
[PlyCount "86"]
[EventDate "2002.??.??"]

1. d4 Nf6 2. Nf3 e6 3. Bf4 b6 4. e3 Bb7 5. Nbd2 Be7 6. h3 d6 7. Bd3 c5 8. c3
cxd4 9. exd4 O-O 10. Qe2 Nbd7 11. O-O Re8 12. Rfe1 a6 13. a4 Nf8 14. Bh2 Ng6
15. Nc4 Nd5 16. Qd2 Rc8 17. h4 Nf6 18. a5 Bxf3 19. gxf3 Nxh4 20. Qf4 Ng6 21.
Bxg6 hxg6 22. Nxb6 Rc6 23. Qd2 d5 24. Qd3 Bd6 25. Qxa6 Bxh2+ 26. Kxh2 Qd6+ 27.
Kg2 Nd7 28. Rh1 Nxb6 29. axb6 Rxb6 30. Qe2 Reb8 31. b4 Rc6 32. Qd2 Qc7 33. Ra3
Rc8 34. Rc1 Rc4 35. Rb3 e5 36. dxe5 Qxe5 37. Re1 Qf5 38. Qe3 Rh4 39. Rh1 Rhc4
40. Re1 Rh4 41. Rh1 Rxh1 42. Kxh1 Rc4 43. Kg2 Rh4 0-1

[Event "Bad Woerishofen"]
[Site "?"]
[Date "2002.??.??"]
[Round "5"]
[White "Engl, Heinz"]
[Black "Rahls, Peter"]
[Result "0-1"]
[WhiteElo "2127"]
[BlackElo "2254"]
[Annotator "ChessOrg"]
[PlyCount "102"]
[EventDate "2002.??.??"]

1. e4 c5 2. Nf3 e6 3. d4 cxd4 4. Nxd4 a6 5. Nc3 d6 6. Bc4 Qc7 7. Bb3 Nc6 8. Be3
Nf6 9. f3 Be7 10. Qe2 O-O 11. O-O-O Na5 12. g4 Nxb3+ 13. Nxb3 b5 14. a3 Bb7 15.
g5 Nd7 16. Rhg1 Rfc8 17. f4 Nc5 18. Nxc5 dxc5 19. g6 fxg6 20. Qg4 Qc6 21. f5
exf5 22. exf5 Qf3 23. Qxf3 Bxf3 24. Rd7 Bf6 25. fxg6 hxg6 26. Rxg6 Re8 27. Bg5
Bd4 28. Kb1 Bh5 29. Rgd6 Re1+ 30. Ka2 Bf7+ 31. Nd5 Re2 32. Kb1 Rxh2 33. Ne7+
Kh7 34. Nf5 Rh1+ 35. Bc1 Bg6 36. Nxd4 cxd4 37. Rxd4 a5 38. b3 a4 39. Kb2 axb3
40. cxb3 Rc8 41. a4 Rcxc1 42. axb5 Rb1+ 43. Kc3 Rh3+ 44. Kc4 Rhxb3 45. Rb7 Rb4+
46. Kc5 Rxd4 47. Kxd4 Bh5 48. b6 Kg6 49. Ke4 Rb4+ 50. Ke5 Bf3 51. Rb8 Bg2 0-1

[Event "Bad Woerishofen"]
[Site "?"]
[Date "2002.??.??"]
[Round "5"]
[White "Straub, Peter"]
[Black "Schaefer, Michael"]
[Result "0-1"]
[WhiteElo "2120"]
[BlackElo "2247"]
[Annotator "ChessOrg"]
[PlyCount "88"]
[EventDate "2002.??.??"]

1. e4 c5 2. Nf3 e6 3. c4 d6 4. d4 cxd4 5. Nxd4 Nf6 6. Nc3 a6 7. Be2 Be7 8. O-O
O-O 9. Be3 Nc6 10. f3 Bd7 11. Qd2 Qb8 12. a4 Bd8 13. Nc2 b6 14. b4 Ne5 15. Rfd1
Be7 16. f4 Ng6 17. g3 Rd8 18. Bf3 Qc7 19. Na3 Bc8 20. Qf2 Rb8 21. Rab1 Nd7 22.
Ne2 Bb7 23. Rdc1 Rdc8 24. Rc2 Qd8 25. Rd2 Qf8 26. Rdb2 Nf6 27. Nc3 Nd7 28. Qd2
Rd8 29. a5 Ba8 30. axb6 Nxb6 31. Qf2 Nd7 32. Rb3 a5 33. bxa5 d5 34. Ncb5 dxe4
35. Be2 Nc5 36. Rc3 Nd3 37. Qf1 Bc5 38. Bxc5 Qxc5+ 39. Kg2 f5 40. h3 e5 41.
fxe5 f4 42. Bg4 Qxe5 43. Rc2 fxg3 44. Nc3 Nh4+ 0-1

[Event "Bad Woerishofen"]
[Site "?"]
[Date "2002.??.??"]
[Round "5"]
[White "Lomer, Edmund"]
[Black "Popitz, Andreas"]
[Result "0-1"]
[WhiteElo "2082"]
[BlackElo "2182"]
[Annotator "ChessOrg"]
[PlyCount "134"]
[EventDate "2002.??.??"]

1. Nf3 d5 2. g3 Nf6 3. Bg2 e6 4. d4 Be7 5. c4 O-O 6. cxd5 exd5 7. O-O c6 8. Nc3
Bf5 9. Nh4 Be6 10. Qc2 Qc8 11. Bg5 h6 12. Bxf6 Bxf6 13. Nf3 Bh3 14. Rac1 Bxg2
15. Kxg2 Qd8 16. Na4 Nd7 17. Nc5 Nxc5 18. Qxc5 Qb6 19. b4 Rfe8 20. Rc2 Be7 21.
Qxb6 axb6 22. Rb1 Ra4 23. b5 c5 24. Ne5 Rxd4 25. e3 Rb4 26. Rxb4 cxb4 27. Nd3
Bc5 28. Rd2 d4 29. exd4 Bxd4 30. Rc2 Bc5 31. Kf1 f6 32. Rb2 Ra8 33. Nxb4 Bxb4
34. Rxb4 Rxa2 35. Rd4 Rb2 36. Rd7 Rxb5 37. Rxb7 Rb2 38. g4 Kh7 39. Kg2 b5 40.
Kg3 b4 41. h4 h5 42. f3 b3 43. gxh5 Rb1 44. Rb5 b2 45. Kg2 Kh6 46. Kh2 Rf1 47.
Rxb2 Rxf3 48. Rb5 Re3 49. Rb7 Re5 50. Kg3 Rxh5 51. Kg4 Ra5 52. Rb8 g6 53. Rh8+
Kg7 54. Rb8 Ra4+ 55. Kg3 f5 56. Rb7+ Kh6 57. Rb8 Ra3+ 58. Kg2 Kh5 59. Rh8+ Kg4
60. Rh6 Ra6 61. Kf2 f4 62. Ke2 Kg3 63. Rh8 f3+ 64. Kd2 Rf6 65. Ke1 f2+ 66. Kf1
Re6 67. Re8 Rxe8 0-1

[Event "Bad Woerishofen"]
[Site "?"]
[Date "2002.??.??"]
[Round "5"]
[White "Quinn, John"]
[Black "Dany, Sebastian"]
[Result "1-0"]
[WhiteElo "2174"]
[BlackElo "2090"]
[Annotator "ChessOrg"]
[PlyCount "103"]
[EventDate "2002.??.??"]

1. d4 d5 2. c4 e6 3. Nc3 Nf6 4. Bg5 Be7 5. e3 O-O 6. Nf3 h6 7. Bh4 b6 8. Qb3
Bb7 9. Bxf6 Bxf6 10. cxd5 exd5 11. Rd1 c6 12. Bd3 Re8 13. O-O Na6 14. Bb1 g6
15. e4 dxe4 16. Nxe4 Nc7 17. Ne5 Nd5 18. Qg3 Bg7 19. Nxf7 Kxf7 20. Nd6+ Kg8 21.
Nxb7 Qc7 22. Nd6 Re6 23. Ne4 Qxg3 24. hxg3 Rae8 25. Rfe1 Kf8 26. Kf1 g5 27. f3
Nf6 28. Bc2 Nxe4 29. fxe4 c5 30. dxc5 bxc5 31. Rd7 R8e7 32. Rd8+ Re8 33. Rxe8+
Kxe8 34. Ba4+ Ke7 35. Re2 Bd4 36. Ke1 Be5 37. g4 Rd6 38. Rc2 Bd4 39. Ke2 Kf6
40. Bb3 Ke5 41. Bd5 Kf4 42. Kd3 Kxg4 43. b4 Rf6 44. bxc5 Be5 45. c6 Bc7 46. e5
Rf1 47. e6 Rd1+ 48. Rd2 Re1 49. Re2 Rd1+ 50. Kc4 Bd6 51. e7 Rc1+ 52. Kb3 1-0

[Event "Bad Woerishofen"]
[Site "?"]
[Date "2002.??.??"]
[Round "5"]
[White "Mueller, Manfred"]
[Black "Kollmann, Robert"]
[Result "1-0"]
[WhiteElo "2160"]
[BlackElo "1893"]
[Annotator "ChessOrg"]
[PlyCount "83"]
[EventDate "2002.??.??"]

1. e4 e6 2. d4 d5 3. Nd2 Nf6 4. e5 Nfd7 5. Bd3 c5 6. c3 Nc6 7. Ne2 Be7 8. Nf3
O-O 9. Nf4 cxd4 10. cxd4 Nb6 11. O-O f5 12. exf6 Bxf6 13. Re1 Qd6 14. Nh5 e5
15. Nxe5 Nxe5 16. Bf4 Bg4 17. dxe5 Bxd1 18. Nxf6+ Rxf6 19. exd6 Rxf4 20. Raxd1
Rd8 21. Re7 Rf7 22. Bxh7+ Kf8 23. Rde1 Nc8 24. R7e6 Nxd6 25. Bg6 Rfd7 26. Kf1
Ne4 27. f3 Nf6 28. g4 Rd6 29. R6e5 Ne4 30. Bxe4 dxe4 31. R5xe4 Rd2 32. R1e2
R8d7 33. Rf4+ Kg8 34. h4 Kh7 35. h5 Kh6 36. Kf2 R7d3 37. Rfe4 Rd7 38. Kg3 Rd1
39. Re6+ Kh7 40. Re7 R1d3 41. Rxd7 Rxd7 42. g5 1-0

[Event "Bad Woerishofen"]
[Site "?"]
[Date "2002.??.??"]
[Round "5"]
[White "Jaenig, Reinhard"]
[Black "Bischoff, Dieter"]
[Result "1-0"]
[WhiteElo "2119"]
[BlackElo "2233"]
[Annotator "ChessOrg"]
[PlyCount "81"]
[EventDate "2002.??.??"]

1. e4 c5 2. Nf3 d6 3. d4 cxd4 4. Nxd4 Nf6 5. Nc3 Nc6 6. Bg5 e6 7. Qd2 a6 8.
O-O-O Bd7 9. f4 b5 10. Bxf6 gxf6 11. Nxc6 Bxc6 12. Bd3 Qb6 13. Kb1 b4 14. Ne2
a5 15. Rhf1 h5 16. Qe1 Be7 17. f5 e5 18. Nc1 Qc5 19. Qe2 d5 20. Nb3 Qb6 21.
exd5 Bxd5 22. Be4 Bxe4 23. Qxe4 Ra7 24. Rd3 Rg8 25. h3 a4 26. Nd2 Qb7 27. Rd5
Kf8 28. Rd1 Qa6 29. Qf3 h4 30. Ne4 Rc7 31. c3 bxc3 32. Nxc3 Qc8 33. a3 Rg3 34.
Qh5 Rg8 35. Qh6+ Ke8 36. Nb5 Qb8 37. Nxc7+ Qxc7 38. Qd2 Rg3 39. Rd7 Qb8 40. Rc1
Bxa3 41. Rdc7 1-0

[Event "Bad Woerishofen"]
[Site "?"]
[Date "2002.??.??"]
[Round "5"]
[White "Grimm, Sven"]
[Black "Lang, Stefan"]
[Result "1-0"]
[WhiteElo "2174"]
[BlackElo "2080"]
[Annotator "ChessOrg"]
[PlyCount "79"]
[EventDate "2002.??.??"]

1. e4 c5 2. Nf3 Nc6 3. b3 e5 4. Bb2 d6 5. Nc3 a6 6. a4 Nh6 7. Bc4 Be7 8. O-O
Rb8 9. Qe2 Bg4 10. Nd5 O-O 11. c3 Kh8 12. h3 Bxf3 13. Qxf3 f5 14. Rad1 f4 15.
d4 cxd4 16. cxd4 Nf7 17. Nxe7 Qxe7 18. Bxf7 Rxf7 19. d5 Nd8 20. Rc1 Rf8 21. Rc3
Nf7 22. Qg4 Ng5 23. f3 g6 24. h4 Nf7 25. Rfc1 Nh6 26. Qh3 Rf7 27. Ba3 Rd8 28.
Bb4 Rd7 29. Qe6 Kg7 30. Rc8 Ng8 31. Re8 Qxh4 32. Bxd6 Rxd6 33. Qxd6 Nf6 34.
Qxe5 Kh6 35. Qe6 Rg7 36. Rf8 Nh5 37. Qh3 Qe7 38. Rxf4 Qa3 39. Rf1 Qxb3 40. Rh4
1-0

[Event "Bad Woerishofen"]
[Site "?"]
[Date "2002.??.??"]
[Round "5"]
[White "Schnur, Gerhard"]
[Black "Buchner, Rudolf"]
[Result "0-1"]
[WhiteElo "2145"]
[BlackElo "2296"]
[Annotator "ChessOrg"]
[PlyCount "66"]
[EventDate "2002.??.??"]

1. d4 Nf6 2. c4 g6 3. Nc3 d5 4. cxd5 Nxd5 5. e4 Nxc3 6. bxc3 Bg7 7. Nf3 c5 8.
Be3 Qa5 9. Qd2 Nc6 10. Rb1 a6 11. Be2 O-O 12. Rc1 Rd8 13. d5 e6 14. c4 Qxd2+
15. Kxd2 Nd4 16. Nxd4 cxd4 17. Bf4 e5 18. Bg3 f5 19. Bd3 Bh6+ 20. f4 Re8 21.
Rce1 exf4 22. Bf2 f3+ 23. Kc2 fxg2 24. Rhg1 fxe4 25. Rxe4 Bf5 26. Rxe8+ Rxe8
27. Bxf5 Re2+ 28. Kb3 Rxf2 29. Be4 Re2 30. Bd3 Be3 31. Bxe2 Bxg1 32. Bf3 Bxh2
33. Bxg2 Bd6 0-1

[Event "Bad Woerishofen"]
[Site "?"]
[Date "2002.??.??"]
[Round "5"]
[White "Schellmann, Frank"]
[Black "Weiland, Guenter"]
[Result "1/2-1/2"]
[WhiteElo "2144"]
[BlackElo "2038"]
[Annotator "ChessOrg"]
[PlyCount "74"]
[EventDate "2002.??.??"]

1. e4 g6 2. d4 Bg7 3. Nc3 d6 4. f4 c6 5. Nf3 Qb6 6. e5 Bg4 7. Be2 dxe5 8. Nxe5
Bxe2 9. Qxe2 Nf6 10. Qc4 O-O 11. O-O Na6 12. Be3 Qb4 13. Qd3 Rad8 14. a3 Qd6
15. Ne4 Nxe4 16. Qxe4 e6 17. b4 f6 18. Nf3 Qd5 19. Qd3 Qh5 20. Qb3 Kh8 21. Rae1
Nc7 22. c4 Rfe8 23. a4 a6 24. a5 Bf8 25. Nd2 Qf5 26. h3 Qh5 27. Ne4 Kg7 28. Kh2
f5 29. Ng5 h6 30. Nf3 Be7 31. Ne5 Bf6 32. Bf2 g5 33. g3 Kh7 34. g4 fxg4 35.
Nxg4 Bg7 36. fxg5 hxg5 37. Bg3 Rxd4 1/2-1/2

[Event "Bad Woerishofen"]
[Site "?"]
[Date "2002.??.??"]
[Round "5"]
[White "Oschetzki, Stefan"]
[Black "Wallhof, Dieter"]
[Result "0-1"]
[WhiteElo "2173"]
[BlackElo "2061"]
[Annotator "ChessOrg"]
[PlyCount "60"]
[EventDate "2002.??.??"]

1. e4 e6 2. d4 d5 3. Nd2 c5 4. exd5 Qxd5 5. Ngf3 cxd4 6. Bc4 Qd6 7. O-O Nf6 8.
Nb3 Nc6 9. Nbxd4 a6 10. Nxc6 Qxc6 11. Ne5 Qc7 12. Bf4 Bd6 13. Qe2 O-O 14. Rad1
b5 15. Bb3 Bb7 16. Rd4 Bc5 17. Rd3 Qb6 18. Rg3 Rfd8 19. Bh6 g6 20. Be3 Ne4 21.
Bxc5 Qxc5 22. Nxf7 Kxf7 23. Re3 Qe7 24. Rh3 Kg7 25. Re1 Rd2 26. Qe3 Rxf2 27.
Qh6+ Kh8 28. Rxe4 Raf8 29. Rf3 Rxg2+ 30. Kxg2 Bxe4 0-1

[Event "Bad Woerishofen"]
[Site "?"]
[Date "2002.??.??"]
[Round "5"]
[White "Braun, Peter"]
[Black "Lindenmair, Anton"]
[Result "1-0"]
[WhiteElo "2266"]
[BlackElo "2127"]
[Annotator "ChessOrg"]
[PlyCount "79"]
[EventDate "2002.??.??"]

1. d4 Nf6 2. c4 g6 3. Nf3 Bg7 4. g3 O-O 5. Bg2 d6 6. O-O c6 7. Nc3 Qa5 8. h3
Be6 9. Nd2 d5 10. Nb3 Qb6 11. Nc5 dxc4 12. N3a4 Qd8 13. Nxe6 fxe6 14. Nc5 Qc8
15. Qc2 b6 16. Ne4 Nxe4 17. Qxe4 Qd7 18. Be3 a5 19. Rfd1 b5 20. Bf4 Ra6 21. Bf3
Kh8 22. h4 Qd5 23. Qe3 Qf5 24. Be4 Qf7 25. Bg2 c5 26. dxc5 Bxb2 27. Rab1 c3 28.
Rxb2 cxb2 29. Bxb8 Kg8 30. Be5 Qf5 31. Bxb2 Qc2 32. Qd4 e5 33. Qd5+ e6 34. Qd2
Qxc5 35. e3 b4 36. Rc1 Rd6 37. Qe1 Qb5 38. Bf1 Qd5 39. Bc4 Qd2 40. Bxe6+ 1-0

[Event "Bad Woerishofen"]
[Site "?"]
[Date "2002.??.??"]
[Round "5"]
[White "Fries, Elisabeth"]
[Black "Popp, Michael"]
[Result "0-1"]
[WhiteElo "1448"]
[BlackElo "1904"]
[Annotator "ChessOrg"]
[PlyCount "56"]
[EventDate "2002.??.??"]

1. d4 e5 2. dxe5 Nc6 3. Nf3 Qe7 4. c3 Nxe5 5. Nxe5 Qxe5 6. Nd2 Bc5 7. e3 d5 8.
Nf3 Qd6 9. Be2 Nf6 10. Nd4 c6 11. O-O Bb6 12. b4 Bc7 13. g3 h5 14. Qd3 g6 15.
Bf3 h4 16. e4 dxe4 17. Bxe4 Nh5 18. f4 Bh3 19. Bg2 Bxg2 20. Kxg2 O-O-O 21. Qf3
hxg3 22. hxg3 Nf6 23. Bd2 Bb6 24. Nb3 Qd7 25. Rh1 Qf5 26. Rxh8 Rxh8 27. Rh1
Rxh1 28. Kxh1 Qh3# 0-1

[Event "Bad Woerishofen"]
[Site "?"]
[Date "2002.??.??"]
[Round "5"]
[White "Fischer, Michael"]
[Black "Hofmann, Juergen"]
[Result "1-0"]
[WhiteElo "2079"]
[BlackElo "2189"]
[Annotator "ChessOrg"]
[PlyCount "45"]
[EventDate "2002.??.??"]

1. d4 d5 2. Nf3 Nf6 3. c4 c6 4. Nc3 e6 5. e3 Nbd7 6. Bd3 dxc4 7. Bxc4 b5 8. Bd3
a6 9. e4 c5 10. e5 cxd4 11. Nxb5 Nd5 12. Nbxd4 Qc7 13. O-O Nxe5 14. Be4 Nxf3+
15. Qxf3 Bb7 16. Bg5 Qe5 17. Qb3 Bd6 18. Qa4+ Kf8 19. Nf3 Nb6 20. Nxe5 Nxa4 21.
Bxb7 Ra7 22. Nc4 Rxb7 23. Nxd6 1-0

[Event "Bad Woerishofen"]
[Site "?"]
[Date "2002.??.??"]
[Round "5"]
[White "Hahn, Guenter"]
[Black "Moehring, Norbert"]
[Result "1-0"]
[WhiteElo "2152"]
[BlackElo "1818"]
[Annotator "ChessOrg"]
[PlyCount "61"]
[EventDate "2002.??.??"]

1. Nf3 Nf6 2. g3 b5 3. Bg2 Bb7 4. O-O c5 5. d3 g6 6. e4 d6 7. c3 Bg7 8. Qb3 O-O
9. a4 c4 10. dxc4 Bxe4 11. axb5 Nbd7 12. Be3 a6 13. Rxa6 Rxa6 14. bxa6 Qa8 15.
Nbd2 Qxa6 16. Nxe4 Nxe4 17. Qb5 Qxb5 18. cxb5 Rb8 19. Nd4 Nec5 20. b4 Na4 21.
c4 Ndb6 22. Nc6 Re8 23. Bxb6 Nxb6 24. c5 Nd7 25. Rc1 Bb2 26. Rc2 Bf6 27. Na7
dxc5 28. bxc5 Bd4 29. Bc6 Rd8 30. Bxd7 Rxd7 31. b6 1-0

[Event "Bad Woerishofen"]
[Site "?"]
[Date "2002.??.??"]
[Round "5"]
[White "Babar, Michael"]
[Black "Hermann, Manfred"]
[Result "0-1"]
[WhiteElo "2146"]
[BlackElo "2340"]
[Annotator "ChessOrg"]
[PlyCount "54"]
[EventDate "2002.??.??"]

1. d4 d5 2. e3 c6 3. Bd3 Nf6 4. Nd2 Bg4 5. Ne2 Nbd7 6. f4 e6 7. O-O Be7 8. c3
c5 9. Qe1 Bf5 10. Bb1 O-O 11. Ng3 Bxb1 12. Rxb1 g6 13. Qe2 a6 14. Kh1 Rc8 15.
Nf3 b5 16. Ne5 h5 17. Qc2 h4 18. Nxg6 hxg3 19. Nxf8 Qxf8 20. f5 Qh6 21. h3 Ne4
22. fxe6 fxe6 23. Qe2 Rf8 24. Bd2 Rf2 25. Rxf2 gxf2 26. Qg4+ Kh8 27. Rf1 Ndf6
0-1